|
|
|
|
| LEADER |
01485nam a2200301 a 4500 |
| 001 |
242 |
| 003 |
BD-DhAAL |
| 005 |
20241008161116.0 |
| 008 |
150325s1993 nyua b 001 0 eng |
| 010 |
|
|
|a 93008010
|
| 020 |
|
|
|a 0471575453 (acidfree paper) :
|c $22.95
|
| 040 |
|
|
|a DLC
|c DLC
|d DLC
|d BD-DhAAL
|
| 050 |
0 |
0 |
|a RA566.5.N7
|b S48 1993
|
| 082 |
0 |
0 |
|a 363.73/8/0973
|2 20
|
| 100 |
1 |
|
|a Setterberg, Fred.
|9 10145
|
| 245 |
1 |
0 |
|a Toxic nation :
|b the fight to save our communities from chemical contamination /
|c Fred Setterberg, Lonny Shavelson ; photographs by Lonny Shavelson.
|
| 260 |
|
|
|a New York :
|b J. Wiley,
|c c1993.
|
| 300 |
|
|
|a xiii, 301 pages :
|b illustrations ;
|c 25 cm.
|
| 504 |
|
|
|a Includes bibliographical references (p. [291]-296) and index.
|
| 541 |
|
|
|a Donation from the Asia Foundation/ Savar Campus
|e 242
|
| 650 |
|
0 |
|a Environmental health
|z North America.
|9 10146
|
| 650 |
|
0 |
|a Pollution
|x Social aspects
|z North America.
|9 10147
|
| 700 |
1 |
|
|a Shavelson, Lonny.
|9 10148
|
| 852 |
|
|
|a Ayesha Abed Library
|c General Stacks
|
| 942 |
|
|
|2 ddc
|c BK
|
| 999 |
|
|
|c 34164
|d 34164
|
| 952 |
|
|
|0 0
|1 0
|2 ddc
|4 0
|6 363_738097300000000_SET
|7 0
|9 53828
|a SCL
|b SCL
|c GEN
|d 2015-05-23
|e Gift: The Asia Foundation
|l 0
|o 363.7380973 SET
|p 3020000243
|r 2015-05-23
|t 1
|w 2015-05-23
|y BK
|
| 952 |
|
|
|0 0
|1 0
|2 ddc
|4 0
|6 363_738097300000000_SET
|7 0
|9 76681
|a SCL
|b SCL
|c GEN
|d 2024-10-08
|e Donation from the Asia Foundation/ Savar Campus
|l 0
|o 363.7380973 SET
|p 3020043517
|r 2024-10-08
|t 2
|w 2024-10-08
|y BK
|x Price not available in register.
|